American politics. : Political parties and party problems in the United States; a sketch of American party history and of the develpment and operations of party machinery, together with a consideration of certain party problems in their relations to political morality /

Bibliographic Details
Main Author: Woodburn, James Albert, 1856-1943
Format: Book
Language:English
Published: New York, London : G. P. Putnam, [1924]
Edition:3d ed., rev. and enl.
Subjects:

MARC

Tag First Indicator Second Indicator Subfields
LEADER 00000cam a2200000 4500
001 in00000064099
005 20151008051200.0
008 750806s1924 nyu b 00000 eng u
010 |a  24029309  
035 |a (OCoLC)01515871 
035 |9 AAG6265AM 
040 |c DZM  |d TXA  |d UtOrBLW 
049 |a TXAM  |c [21776] 
050 0 |a JK2261  |b .W88 1924 
092 |a 329  |b W884a3 
100 1 |a Woodburn, James Albert,  |d 1856-1943. 
245 1 0 |a American politics. :  |b Political parties and party problems in the United States; a sketch of American party history and of the develpment and operations of party machinery, together with a consideration of certain party problems in their relations to political morality /  |c by James Albert Woodburn ... 
250 |a 3d ed., rev. and enl. 
264 1 |a New York,  |a London :  |b G. P. Putnam,  |c [1924] 
264 4 |c [©1924] 
300 |a 542 pages :  |b forms part folded 
336 |a text  |b txt  |2 rdacontent 
337 |a unmediated  |b n  |2 rdamedia 
338 |a volume  |b nc  |2 rdacarrier 
504 |a Bibliography. 
650 0 |a Political parties  |z United States. 
651 0 |a United States  |x Politics and government. 
740 0 |a Political parties and party problems. 
999 |a MARS 
999 f f |s 401a280e-c3ad-3f08-b564-07207e79931f  |i b9c00d22-ff00-3b76-a63c-a9ee221e2511  |t 0 
952 f f |p ric  |a Texas A&M University  |b Rellis Campus  |c Joint Library Facility  |d Remote Storage  |t 0  |e JK2261 .W88 1924  |h Library of Congress classification  |i unmediated -- volume  |m A14800683520 
998 f f |a JK2261 .W88 1924  |t 0  |l Remote Storage